[Event "Vescovato Gerolamo op-B 13th"]
[Site "Vescovato"]
[Date "2014.04.26"]
[Round "4"]
[White "Pedoni, Lorenzo"]
[Black "Barbisotti, Fabio"]
[Result "1/2-1/2"]
[WhiteElo "1719"]
[BlackElo "1503"]
[PlyCount "111"]
[EventDate "2014.04.25"]
[EventType "swiss"]
[EventRounds "6"]
[EventCountry "ITA"]
[SourceTitle "EXT 2024"]
[Source "ChessBase"]
[SourceDate "2023.10.10"]
[SourceVersion "1"]
[SourceVersionDate "2023.10.10"]
[SourceQuality "1"]

1. d4 d6 2. c4 e5 3. dxe5 dxe5 4. Qxd8+ Kxd8 5. e4 Be6 6. Nf3 Nc6 7. a3 Bc5 8. Nc3 Nf6 9. Ng5 Nd4 10. Nxe6+ fxe6 11. Bd3 Nb3 12. Rb1 Bd4 13. 0-0 Ke7 14. Bc2 Nc5 15. Nb5 c6 16. Nxd4 exd4 17. e5 Nfd7 18. b4 d3 19. Bd1 Ne4 20. f3 Nc3 21. Rb3 Nxd1 22. Rxd1 Nxe5 23. f4 Nxc4 24. Rbxd3 Rhd8 25. f5 Rxd3 26. Bg5+ Kf7 27. Rxd3 exf5 28. Rd7+ Kg6 29. h4 b6 30. a4 Ne5 31. Rd6+ Kh5 32. Bf4 Re8 33. Bxe5 Rxe5 34. Rxc6 Re7 35. g3 Kg4 36. Kf2 g6 37. Rc4+ Re4 38. Rc7 h6 39. Rh7 Kh5 40. Rxa7 Rxb4 41. Kf3 Rb3+ 42. Kf4 Ra3 43. Ra8 b5 44. a5 b4 45. Rb8 Rxa5 46. Rxb4 g5+ 47. hxg5 hxg5+ 48. Kf3 Ra3+ 49. Kf2 g4 50. Rf4 Kg5 51. Kg2 Kf6 52. Kf2 Ra2+ 53. Kg1 Re2 54. Ra4 Re3 55. Kg2 Rf3 56. Ra5 1/2-1/2

[Event "Vescovato Gerolamo op-B 13th"]
[Site "Vescovato"]
[Date "2014.04.25"]
[Round "2"]
[White "Cecchini, Massimo S"]
[Black "Pedoni, Lorenzo"]
[Result "0-1"]
[WhiteElo "1749"]
[BlackElo "1719"]
[PlyCount "60"]
[EventDate "2014.04.25"]
[EventType "swiss"]
[EventRounds "6"]
[EventCountry "ITA"]
[SourceTitle "EXT 2024"]
[Source "ChessBase"]
[SourceDate "2023.10.10"]
[SourceVersion "1"]
[SourceVersionDate "2023.10.10"]
[SourceQuality "1"]

1. d4 Nf6 2. c4 e6 3. Nc3 Bb4 4. f3 0-0 5. e4 d5 6. Bd3 dxe4 7. fxe4 Qxd4 8. Nf3 Bxc3+ 9. bxc3 Qxc3+ 10. Qd2 Qxd2+ 11. Bxd2 Nc6 12. 0-0 e5 13. Bc3 Re8 14. Rac1 b6 15. Bc2 Bb7 16. Rfe1 Nd7 17. Rcd1 Nc5 18. Rd2 f6 19. Red1 Rad8 20. Kf2 Rxd2+ 21. Rxd2 Rd8 22. Rxd8+ Nxd8 23. Ke3 a5 24. Nd2 Nde6 25. g3 Kf7 26. Nb3 Kg6 27. Bd2 Ba6 28. Bd3 Nxd3 29. Kxd3 a4 30. Nc1 Nc5+ 0-1

[Event "Biella Vercelli Province-ch"]
[Site "Biella"]
[Date "2014.03.15"]
[Round "3"]
[White "Pedoni, Lorenzo"]
[Black "Zannoni, Gianni"]
[Result "1-0"]
[WhiteElo "1699"]
[BlackElo "1755"]
[PlyCount "47"]
[EventDate "2014.03.14"]
[EventType "swiss"]
[EventRounds "5"]
[EventCountry "ITA"]
[SourceTitle "EXT 2015"]
[Source "ChessBase"]
[SourceDate "2014.11.20"]
[SourceVersion "1"]
[SourceVersionDate "2014.11.20"]
[SourceQuality "1"]

1. d4 Nf6 2. c4 g6 3. Nc3 Bg7 4. e4 d6 5. Be2 0-0 6. Bg5 c6 7. Nf3 Qe8 8. h3 e5 9. d5 cxd5 10. cxd5 a6 11. a4 Nfd7 12. 0-0 f6 13. Be3 Qd8 14. Nd2 Rf7 15. Nc4 Bf8 16. f4 Be7 17. f5 Nf8 18. Nb6 gxf5 19. exf5 Rg7 20. Nxa8 Nbd7 21. Bh6 Nb6 22. Bxg7 Kxg7 23. Nxb6 Qxb6+ 24. Kh1 1-0